NLE Latin II: Greek/Roman Mythical Creatures Quiz Stats

 Plays Quiz not verified by Sporcle

Challenge
Share
Tweet
Embed
Score 0/17 Timer 04:00
0 Plays Today
Hint Answer % Correct
One Eyed BruteCyclops
91.5%
ManhorseCentaur
89.8%
DogdogdogCerberus
89.8%
SnakewomenGorgons
88.1%
Monster with lots of headsHydra
88.1%
BullmanMinotaur
86.4%
riddle me thisSphinx
78%
BirdhorsePegasus
74.6%
LiongoatsnakeChimera
72.9%
Hint Answer % Correct
LadybirdHarpy
69.5%
EaglelionGriffin
69.5%
Release it!Kraken
66.1%
Sea Monster with 7 HeadsScylla
57.6%
ManlionscorpionManticore
54.2%
Lion killed by HerculesNemean Lion
50.8%
WhirlpoolCharybdis
49.2%
HumanhorsedonkeySatyr
35.6%

You're not logged in!

Compare scores with friends on all Sporcle quizzes.
OR
Log In

You Might Also Like...

Show Comments

Extras

Created May 25, 2012ReportNominate
Tags:Mythology Quiz

Top Quizzes Today


Score Distribution

Your Account Isn't Verified!

In order to create a playlist on Sporcle, you need to verify the email address you used during registration. Go to your Sporcle Settings to finish the process.

Report this User

Report this user for behavior that violates our Community Guidelines.

Details: